Revista Espaǫla de Derecho Europeo

Detalles Bibliográficos
Formato: eBook
Lenguaje:español
Publicado: Madrid: Marcial Pons, 2020 -
Materias:
Acceso en línea:Acceso restringido

MARC

LEADER 00000nam a22000007a 4500
005 20210924234718.0
007 cr|||| ||||
008 210924c20209999eu fr|w s|||| 0|||b1spa d
022 |a 1579-6302 
035 |a 33681 
040 |a vLex 
090 |c 12424  |d 12424 
245 1 0 |a Revista Espaǫla de Derecho Europeo  |h [Recurso electrn̤ico] / 
256 |a Servicio en ln̕ea 
260 |a Madrid:  |b Marcial Pons,  |c 2020 - 
300 |a 1 recurso electrn̤ico 
310 |a Semestral 
506 1 |a Disponible solo en los productos indicados  |d vLex Global  |d vLex Global (Academic Edition, excluding Law Schools)  |d vLex Global (U.S. Academic Edition, Law Schools)  |d vLex Global (U.S. Academic Edition, excluding Law Schools)  |d vLex Global (Academic Edition, Law Schools) 
650 0 4 |a Derecho Comunitario  |z Unin̤ Europea 
650 0 4 |a Derecho Constitucional  |z Unin̤ Europea 
740 0 |a vLex Revistas (Servicio en ln̕ea) 
856 4 0 |u https://app.vlex.com/#/sources/33681  |z Acceso restringido 
942 |c REV 
999 0 |a Community Law 
999 0 |a Constitutional Law